Detalles MARC
| 000 -LEADER |
| fixed length control field |
02430nam a2200373Ii 4500 |
| 001 - CONTROL NUMBER |
| control field |
DIGUNINOR0062 |
| 003 - CONTROL NUMBER IDENTIFIER |
| control field |
NyNyDIG |
| 006 - FIXED-LENGTH DATA ELEMENTS--ADDITIONAL MATERIAL CHARACTERISTICS |
| fixed length control field |
m o d |
| 007 - PHYSICAL DESCRIPTION FIXED FIELD--GENERAL INFORMATION |
| fixed length control field |
cr ||||||||||| |
| 008 - FIXED-LENGTH DATA ELEMENTS--GENERAL INFORMATION |
| fixed length control field |
130701s2011 ck ob 000 0 spa d |
| 020 ## - INTERNATIONAL STANDARD BOOK NUMBER |
| Canceled/invalid ISBN |
9789587411218 |
| 035 ## - SYSTEM CONTROL NUMBER |
| System control number |
(OCoLC)881844122 |
| 040 ## - CATALOGING SOURCE |
| Original cataloging agency |
DGITA |
| Language of cataloging |
eng |
| Description conventions |
pn |
| Transcribing agency |
DGITA |
| 043 ## - GEOGRAPHIC AREA CODE |
| Geographic area code |
cl----- |
| 050 14 - LIBRARY OF CONGRESS CALL NUMBER |
| Classification number |
HT384.L29 eBook |
| 245 00 - TITLE STATEMENT |
| Title |
Vulnerabilidad en grandes ciudades de América Latina / |
| Statement of responsibility, etc. |
Ricardo Adrián Vergara Durán, editor ; Francisco Javier Franco Silva ... [et al.]. |
| 264 #1 - PRODUCTION, PUBLICATION, DISTRIBUTION, MANUFACTURE, AND COPYRIGHT NOTICE |
| Place of production, publication, distribution, manufacture |
Barranquilla, Colombia : |
| Name of producer, publisher, distributor, manufacturer |
Editorial Universidad del Norte, |
| Date of production, publication, distribution, manufacture, or copyright notice |
2011. |
| 300 ## - PHYSICAL DESCRIPTION |
| Extent |
1 online resource (x, 152 pages) : |
| Other physical details |
ill. |
| 336 ## - CONTENT TYPE |
| Content type term |
text |
| Content type code |
txt |
| Source |
rdacontent |
| 337 ## - MEDIA TYPE |
| Media type term |
computer |
| Media type code |
c |
| Source |
rdamedia |
| 338 ## - CARRIER TYPE |
| Carrier type term |
online resource |
| Carrier type code |
cr |
| Source |
rdacarrier |
| 504 ## - BIBLIOGRAPHY, ETC. NOTE |
| Bibliography, etc. note |
Incluces bibliographical references. |
| 505 0# - FORMATTED CONTENTS NOTE |
| Formatted contents note |
Prólogo / Vorwort. Günter Mertins -- La nueva vulnerabilidad en las ciudades latinoamericanas: de la crisis a los retos. Una introducción / Ricardo Adrián Vergara -- Proyectos de vida y construcción del territorio en condiciones de vulnerabilidad / Francisco Javier Franco Silva -- Las metrópolis latinoamericanas: vulnerabilidad, informalidad y gobernabilidad / Günter Mertins -- Vulnerabilidad y segregación socioespacial en el Gran San Miguel de Tucumán (Argentina) / Pablo Paolasso, Matilde Malizia, Fernando Longhi -- La imagen gráfico-visual como mediadora de amenazas y riesgos en algunos contextos de vulnerabilidad urbana / Ricardo Castro Ramos -- La ciudadela moderna en la Habana, Cuba. Vulnerabilidad estructural y humana: el ejemplo Vedado-Malecón / Orestes Sardiñas Gómez -- Los procesos sociopolíticos en Venezuela y sus incidencias en la vulnerabilidad y desarrollo de las ciudades / Luis Alfonso Sandía Rondón -- Construcción en laderas: cómo vivir en la vulnerabilidad y salir de ella. Tradición, técnicas y cultura /Hernán Giraldo Mejía. |
| 650 #0 - SUBJECT ADDED ENTRY--TOPICAL TERM |
| Topical term or geographic name entry element |
Cities and towns |
| Geographic subdivision |
Latin America |
| 650 #0 - SUBJECT ADDED ENTRY--TOPICAL TERM |
| Topical term or geographic name entry element |
Urbanization |
| Geographic subdivision |
Latin America. |
| 655 #0 - INDEX TERM--GENRE/FORM |
| Genre/form data or focus term |
Electronic books. |
| 700 1# - ADDED ENTRY--PERSONAL NAME |
| Personal name |
Vergara Durán, Ricardo Adrián. |
| 700 1# - ADDED ENTRY--PERSONAL NAME |
| Personal name |
Franco Silva, Francisco Javier. |
| 791 2# - |
| -- |
Digitalia (Firm), |
| -- |
distributor. |
| 793 0# - |
| -- |
Digitalia eBook Collection: |
| -- |
Ediciones Uninorte. |
| 856 40 - ELECTRONIC LOCATION AND ACCESS |
| Materials specified |
Digitalia Hispánica |
| Uniform Resource Identifier |
<a href="https://www.digitaliapublishing.com/a/10097/">https://www.digitaliapublishing.com/a/10097/</a> |
| 910 ## - USER-OPTION DATA (OCLC) |
| User-option data |
Premium Collection: 2007-2012 |
| 942 ## - ADDED ENTRY ELEMENTS (KOHA) |
| Koha item type |
Recurso Electrónico |